|
|
|
|
| LEADER |
00000nam0a2200000 4500 |
| 001 |
352844 |
| 005 |
20231102010534.0 |
| 035 |
|
|
|a (RuTPU)RU\TPU\retro\9662
|
| 035 |
|
|
|a RU\TPU\retro\9657
|
| 090 |
|
|
|a 352844
|
| 100 |
|
|
|a 20200207d1956 k y0rusy50 ca
|
| 101 |
0 |
|
|a rus
|
| 102 |
|
|
|a RU
|
| 105 |
|
|
|a a z 000zy
|
| 200 |
1 |
|
|a Электрическая прочность и твердость монокристаллов твердых растворов
|e [оттиск статьи]
|f А. А. Воробьев, А. М. Трубицын
|
| 210 |
|
|
|a Томск
|d 1956
|
| 215 |
|
|
|a С. 32-36
|c ил.
|
| 225 |
1 |
|
|a Известия Томского Политехнического Института
|v Т. 83
|
| 316 |
|
|
|5 63413507: ШкА/6125
|a На обложке дарственная надпись: "В Научно-техническую библиотеку ТПИ. А. Воробьев. Томск. 23.2.56 г."
|
| 320 |
|
|
|a Библиогр.: с. 36
|
| 606 |
1 |
|
|a Твердые растворы
|2 stltpush
|3 (RuTPU)RU\TPU\subj\70688
|9 84893
|
| 606 |
1 |
|
|a Диэлектрики твердые
|x Электрическая прочность
|2 stltpush
|3 (RuTPU)RU\TPU\subj\9798
|9 36968
|
| 610 |
1 |
|
|a коллекция ТПУ
|
| 610 |
1 |
|
|a оттиски
|
| 610 |
1 |
|
|a дарственные надписи
|
| 610 |
1 |
|
|a дары автора
|
| 610 |
1 |
|
|a дары библиотеке
|
| 610 |
1 |
|
|a труды учёных ТПУ
|
| 610 |
1 |
|
|a диэлектрики
|
| 610 |
1 |
|
|a физические характеристики
|
| 610 |
1 |
|
|a энергия
|
| 675 |
|
|
|a 544.355
|v 4
|
| 675 |
|
|
|a 537.226.7
|v 4
|
| 700 |
|
1 |
|a Воробьев
|b А. А.
|c российский физик
|c ректор Томского политехнического института, профессор
|f 1909-1981
|g Александр Акимович
|x TPU
|2 stltpush
|3 (RuTPU)RU\TPU\pers\12805
|
| 701 |
|
1 |
|a Трубицын
|b А. М.
|
| 801 |
|
1 |
|a RU
|b 63413507
|c 20200206
|
| 801 |
|
2 |
|a RU
|b 63413507
|c 20221024
|g RCR
|
| 942 |
|
|
|c BK
|